000 00613nam a2200229 i 4500
001 C2-0153531
003 PPAK
005 20180727132030.0
008 980329s1984 enka|||| ||||| | eng d
020 _a0600305554
040 _aPPAK
_beng
_cPPAK
_erda
082 0 4 _a635.9672
_223
090 0 0 _a635.9672
_bVOD
_dR
100 1 _aVodickova, Vlasta,
_eauthor
245 1 0 _aRock garden plants
264 1 _aLondon :
_bHamlyn ,
_c1984
300 _a224 pages :
_bcolour illustrations ;
_c22 cm
336 _2rdacontent
_atext
337 _2rdamedia
_aunmediated
338 _2rdacarrier
_avolume
942 _ddc
_cB
999 _c47554
_d47554